| 000 | 00632nam a22001937a 4500 | ||
|---|---|---|---|
| 005 | 20160114145722.0 | ||
| 010 | _aENG-114303 | ||
| 020 |
_c301.00 _a9789381456163 |
||
| 035 | _aEN-97835 | ||
| 037 | _bDBAD/PUB | ||
| 082 | _a080 | ||
| 245 |
_aSelect speeches from public platforms : _cedited by Vijoy Kumar...[et al] _bDr. Anugrah Narayan Sinha (1937-1955) / |
||
| 260 |
_aPatna _bDirectorate of Bihar State Archive _c2013 |
||
| 270 |
_aAbhilekh Bhawan Jawaharlal Nehru Marg _bPatna _e800001 |
||
| 300 |
_axi,155p. _c23cm(Hb) |
||
| 500 | _aIncludes index | ||
| 700 | _aVijoy Kumar | ||
| 942 |
_2ddc _cEN _mSEL _h080 |
||
| 999 |
_c97782 _d97782 |
||